Các yếu tố ảnh hưởng đến kết quả thực hiện liên kết doang nghiệp - nông dân /
Shranjeno v:
| Glavni avtor: | |
|---|---|
| Format: | Bài viết |
| Jezik: | Vietnamese |
| Teme: | |
| Oznake: |
Označite
Brez oznak, prvi označite!
|
| Thư viện lưu trữ: | Thư viện Trường Đại học Đà Lạt |
|---|
| LEADER | 00691nam a2200253 4500 | ||
|---|---|---|---|
| 001 | DLU130155913 | ||
| 005 | ##201301030 | ||
| 040 | # | # | |a DLU |b vie |
| 041 | # | # | |a vie |
| 044 | # | # | |a vn |
| 100 | # | # | |a Hồ Quế Hậu. |
| 245 | # | # | |a Các yếu tố ảnh hưởng đến kết quả thực hiện liên kết doang nghiệp - nông dân / |c Hồ Quế Hậu. |
| 653 | # | # | |a Doanh nghiệp |
| 653 | # | # | |a Liên kết kinh tế |
| 653 | # | # | |a Nông dân |
| 773 | # | # | |t Kinh tế và phát triển |g Số 193, 2013, tr. 46-53 |
| 994 | # | # | |a DLU |
| 900 | # | # | |a True |
| 911 | # | # | |a Hoàng Thị Huyền |
| 925 | # | # | |a G |
| 926 | # | # | |a A |
| 927 | # | # | |a BB |
| 980 | # | # | |a Thư viện Trường Đại học Đà Lạt |